00295nam a2200121Ia 4500008004100000041000800041100002200049245003800071260002300109300000800132520002500140650000800165230818s1994 xx 000 0 und d aeng aLabour Law Agency aWarkmen`s com Pensation Act. 1923 bS.L. Dwivedic1994 a89p aGeneral | Hard Board aLaw